[Event "4NCL Division 3 South"]
[Site "Milton Keynes, ENG"]
[Date "2022.06.26"]
[Round "8.135"]
[White "Dairi, Ramsey"]
[Black "Deacon, David J"]
[Result "1-0"]
[WhiteElo "1465"]
[BlackElo "1676"]
[PlyCount "39"]
[EventDate "2022.06.26"]
[WhiteTeam "Watford B"]
[BlackTeam "Wessex Some Stars C"]

1. e4 c5 2. Nf3 e6 3. Nc3 Nc6 4. d4 cxd4 5. Nxd4 a6 6. Be3 d6 7. Be2 Nf6 8. Qd2
Be7 9. O-O-O O-O 10. f3 Qc7 11. g4 Nd7 12. h4 Nxd4 13. Bxd4 b5 14. a3 Ne5 15.
f4 Nc6 16. Be3 b4 17. axb4 Nxb4 18. h5 Bd7 19. h6 g6 20. Qd4 1-0

[Event "4NCL Division 3 South"]
[Site "Milton Keynes, ENG"]
[Date "2022.06.26"]
[Round "8.136"]
[White "Cuthbert, Larissa"]
[Black "Hylands, Keith"]
[Result "1/2-1/2"]
[WhiteElo "1298"]
[BlackElo "1371"]
[PlyCount "42"]
[EventDate "2022.06.26"]
[WhiteTeam "Wessex Some Stars C"]
[BlackTeam "Watford B"]

1. d4 Nf6 2. c4 d6 3. Nc3 g6 4. e4 Bg7 5. Be2 O-O 6. h4 e5 7. d5 h5 8. Bg5 Qe8
9. Bxf6 Bxf6 10. g4 Bxg4 11. Bxg4 hxg4 12. Qxg4 Qe7 13. Nf3 Kg7 14. Ne2 Rh8 15.
h5 Kf8 16. O-O-O Qd7 17. Qg2 gxh5 18. Nd2 Na6 19. Rdf1 Ke7 20. Ng3 Rag8 21.
Nf5+ Ke8 1/2-1/2

[Event "4NCL Division 3 South"]
[Site "Milton Keynes, ENG"]
[Date "2022.06.26"]
[Round "8.137"]
[White "Vig, Sanjay"]
[Black "Phillips, William"]
[Result "1-0"]
[WhiteElo "1554"]
[BlackElo "1810"]
[PlyCount "43"]
[EventDate "2022.06.26"]
[WhiteTeam "Watford B"]
[BlackTeam "Cambridge University 3"]

1. e4 e5 2. f4 exf4 3. Nf3 g5 4. h4 g4 5. Ng5 d5 6. exd5 Bd6 7. Be2 Nf6 8. Nc3
Qe7 9. d3 Bf5 10. O-O f3 11. Bxf3 Qe5 12. Re1 Ne4 13. Ncxe4 Qh2+ 14. Kf2 O-O
15. Rh1 Qe5 16. d4 g3+ 17. Kf1 Qe7 18. Qe1 f6 19. Nxd6 Qxd6 20. Ne6 Re8 21. Bf4
Qa6+ 22. Be2 1-0

[Event "4NCL Division 3 South"]
[Site "Milton Keynes, ENG"]
[Date "2022.06.26"]
[Round "8.138"]
[White "Lim, Mark"]
[Black "Dasgupta, Biplab"]
[Result "1-0"]
[WhiteElo "1763"]
[BlackElo "999"]
[PlyCount "64"]
[EventDate "2022.06.26"]
[WhiteTeam "Cambridge University 3"]
[BlackTeam "Watford B"]

1. d4 Nf6 2. Nf3 d5 3. c4 Bg4 4. e3 e6 5. Nbd2 Bb4 6. Qa4+ Nc6 7. Ne5 O-O 8.
Nxc6 Bxd2+ 9. Bxd2 bxc6 10. Qxc6 Rb8 11. b3 Qd7 12. Qxd7 Nxd7 13. cxd5 exd5 14.
Rc1 c6 15. Rxc6 Rbc8 16. Rxc8 Rxc8 17. Bd3 Nf6 18. f3 Bh5 19. Kf2 Bg6 20. Bxg6
hxg6 21. Rc1 Rxc1 22. Bxc1 g5 23. h3 Kh7 24. Ke2 Kh6 25. g4 Kg6 26. Kd3 Nd7 27.
Ba3 a6 28. Bc5 Nb8 29. b4 Nc6 30. a4 a5 31. b5 Nb4+ 32. Bxb4 axb4 1-0

[Event "4NCL Division 3 South"]
[Site "Milton Keynes, ENG"]
[Date "2022.06.26"]
[Round "8.139"]
[White "Koripalli, Pooja"]
[Black "Breed, Greg J"]
[Result "1-0"]
[WhiteElo "800"]
[BlackElo "1754"]
[PlyCount "28"]
[EventDate "2022.06.26"]
[WhiteTeam "Watford B"]
[BlackTeam "Cambridge University 3"]

1. e4 e5 2. d4 exd4 3. c3 d5 4. Nf3 dxe4 5. Ne5 Be6 6. Bb5+ c6 7. Bc4 Bxc4 8.
Nxc4 b5 9. Ne5 Bc5 10. O-O Qd5 11. Ng4 h5 12. b4 Bd6 13. f3 hxg4 14. fxg4 Qh5
1-0